LIBRARY & INFORMATION CENTRE, KCAET, TAVANUR

ONLINE PUBLIC ACCESS CATALOGUE (OPAC)

Pattukal, Part 1 / (Record no. 4046)

MARC details
000 -LEADER
fixed length control field 00551cam a2200205ua 4500
041 ## - LANGUAGE CODE
Language code of text/sound track or separate title mal
082 ## - DEWEY DECIMAL CLASSIFICATION NUMBER
Classification number 894.8121
Item number RAG/PA
100 ## - MAIN ENTRY--AUTHOR NAME
Personal name Raghavan Pillai, K .
245 ## - TITLE STATEMENT
Title Pattukal, Part 1 /
250 ## - EDITION STATEMENT
Edition statement 1 /
260 ## - PUBLICATION, DISTRIBUTION, ETC. (IMPRINT)
Place of publication Thiruvananthapuram :
Name of publisher Kerala University Press ,
Year of publication 1964.
300 ## - PHYSICAL DESCRIPTION
Number of Pages 108 ; .
490 0# - SERIES STATEMENT
Series statement Malayalam Series,
Volume number/sequential designation 115
942 ## - ADDED ENTRY ELEMENTS (KOHA)
Koha item type Books
Holdings
Withdrawn status Lost status Damaged status Home library Current library Date acquired Cost, normal purchase price Full call number Accession Number Koha item type
Withdrawn     KAUAET KAUAET 15/11/2023 2.00 894.8121 RAG/PA 9488 Books
free website counter